000 01321nam a2200397 c 4500
999 _c23961
_d23961
001 23961
003 ES-MaCES
005 20190723111639.0
008 110824s2007 sp d t 000 | spa d
035 _aCES20110006703m
040 _aES-MaCES
_bspa
_cES-MaCES
245 0 3 _aLa innovación como herramienta de transformación empresarial
_b: [Programa investigaciones EOI Escuela de Negocios]
260 _a[Madrid]
_bEOI
_c2007
300 _a220 h.
_bgráf. col.
_c30 cm
500 _aEl subt. tomado de la cub.
504 _aBibliografía: h. 218-220
541 _cGratuito
650 4 _atamaño de la empresa
_928185
650 4 _ainnovación
_928230
650 4 _ainvestigación y desarrollo
_928273
650 4 _aprograma de investigación
_928829
650 4 _aevaluación del impacto
_930732
650 4 _arentabilidad de la inversión
_928153
650 4 _acompetitividad
_928270
650 4 _aEspaña
_926964
650 4 _aComunidades Autónomas
_930768
650 4 _aestudio de casos
_928846
650 4 _928078
_aayuda estatal
650 4 _928178
_aempresa
650 4 _930601
_aestrategia empresarial
653 1 0 _aEmpresa
710 2 _aEscuela de Organización Industrial
_eed.
_92702
902 _aLIB Libro
942 _2CES
_cBK
_h0.0.